MARC

Tag First Indicator Second Indicator Subfields
LEADER 00000pam a2200000 4500
001 in00000361663
005 20151011062306.0
008 740620s1974 nyu b 10000 eng
010 |a  74012149  
020 |a 0306308134 
035 |a (OCoLC)01100157 
035 |9 ABN0102AM 
040 |a DLC  |c DLC  |d TXA  |d UtOrBLW 
049 |a TXAM [Also in] [Med Sci] [QZ] [50] [G326] [1972]  |c 1 [1102477] 
050 0 0 |a QH442  |b .G46 
060 0 |a QH431 G3282 1972 
082 0 |a 301.24/3 
245 0 0 |a Genetic responsibility: on choosing our children's genes /  |c Edited by Mack Lipkin, Jr., and Peter T. Rowley. 
264 1 |a New York :  |b Plenum Press,  |c [1974] 
300 |a ix, 176 pages ;  |c 24 cm. 
336 |a text  |b txt  |2 rdacontent 
337 |a unmediated  |b n  |2 rdamedia 
338 |a volume  |b nc  |2 rdacarrier 
500 |a Proceedings of the symposium "Genetics, Man, and Society," held at the American Association for the Advancement of Science meeting, Dec. 29, 1972, and sponsored by the Task Force on Genetics and Reproduction at Yale University and the Youth Council of the American Association for the Advancement of Science. 
504 |a Bibliography: page 171. 
650 0 |a Genetic engineering  |x Social aspects  |x Congresses. 
650 0 |a Medical genetics  |v Congresses. 
650 0 |a Genetic counseling  |v Congresses. 
650 2 |a Genetic Counseling  |x congresses. 
650 2 |a Genetics  |x Congresses. 
700 1 |a Lipkin, Mack. 
700 1 |a Rowley, Peter T.,  |d 1929- 
710 2 |a Task Force on Genetics and Reproduction at Yale University. 
710 2 |a American Association for the Advancement of Science.  |b Youth Council. 
740 0 |a Genetics, man, and society. 
999 |a MARS 
999 f f |s 9d0e45f9-eded-3ac5-97b0-8ed9d278abd2  |i 6cdd5968-7487-3acc-b452-6141fc917d39  |t 0 
952 f f |p ric  |a Texas A&M University  |b Rellis Campus  |c Joint Library Facility  |d Remote Storage  |t 0  |e QH442 .G46  |h Library of Congress classification  |i unmediated -- volume  |m A14804852189 
998 f f |a QH442 .G46  |t 0  |l Remote Storage